Представление документа в формате MARC21

Поле Инд. ПП Название Значение
Тип записи a
Библиографический уровень m
001 Контрольный номер RU/LIBMSTU/312037020
005 Дата корректировки 20140505130849.8
008 Кодируемые данные 091123|||||||||ru |||||||||||000|||rus||
020 a ISBN 978-5-392-00428-7
020 a ISBN 978-5-482-01798-2
c Цена, тираж 310-00 ; 260-00
040 b Код языка каталог. rus
041 a Код языка текста rus
084 a Индекс другой классификации/Индекс ББК 67я2
090 a Полочн. индекс 67я2
x Авторский знак Ю 70
245 10 a Заглавие Юридический энциклопедический словарь
c Ответственность [М. О. Буянова и др.] ; отв. ред. М. Н. Марченко
260 a Место издания Москва
b Издательство Проспект
c Дата издания 2009
c Дата издания 2008
300 a Объем 809, [1] с.
500 a Примечание Авт. указаны на обороте тит. л.
650 a Основная рубрика Право-Словари
650 14 a Основная рубрика Юридические науки-Справочные издания
653 a Ключевые слова Право
a Ключевые слова Словари юридические
700 a Другие авторы Марченко М. Н.
e Роль лиц ред.
901 t Тип документа m